Kiss Albums - Statistics

General Stats
  • This quiz has been taken 885 times
  • The average score is 17 of 24
Answer Stats
Hint Answer % Correct
1974 Kiss
95%
1976 Destroyer
92%
1975 Dressed to Kill
83%
1977 Love Gun
83%
1979 Dynasty
81%
1974 Hotter Than Hell
80%
1983 Lick It Up
78%
1980 Unmasked
77%
1982 Creatures of the Night
76%
1984 Animalize
75%
1976 Rock and Roll Over
73%
1978 Gene Simmons
72%
1978 Paul Stanley
71%
1998 Psycho Circus
71%
1978 Ace Frehley
70%
1978 Peter Criss
70%
1987 Crazy Nights
66%
1989 Hot in the Shade
66%
1981 Music from "The Elder"
64%
1992 Revenge
63%
2012 Monster
61%
2009 Sonic Boom
60%
1985 Asylum
58%
1997 Carnival of Souls: The Final Sessions
21%
No matching quizzes found
Score Distribution
Percent of People with Each Score
Percentile by Number Answered
Your Score History
You have not taken this quiz